000 00334nam a2200133 i 4500
001 bg
100 1 _aKOWALSKI, Marian Wacław
245 0 _aPetrografia i geologia inżynierska /
_cMarian Wacław Kowalski.
260 _aLublin,
_c1981.
040 _cBPK
041 _apol
942 _cKS
008 s pl f |000 0 pol
999 _c20967
_d20967
856 _uhttp://koha.tu.koszalin.pl/cgi-bin/koha/opac-detail.pl?biblionumber=20967
_yKatalog online BPK